00444nam a22001577a 450000500170000001000150001702000260003203500140005803700130007208200080008510000110009324500860010426000380019027000410022830000170026920240806165522.0 aENG-140050 a9789350451946c300.00 aEN-123582 bDBAD/PUB a880 aMosaic aAn Anthology of Young Adult Writing:bThe Ashok Hall Group of Schools/cby Mosaic aKolkata bWriters Workshop c2019 aC-532,Lake Garden bKolkata e700045 a90p.c22(Hb)